Estadísticas para Tipos de colágeno

Haz click aquí para intentar la prueba.

Estadísticas generales

  • Esta prueba ha sido intentada 3 veces
  • La puntuación promedio es 3 de 14

Estadísticas de respuestas

Respuesta% Correcto
Hueso
100%
Cartílago
50%
Córnea
50%
Dentina
50%
Tendón
50%
Conjuntivo laxo
0%
Córnea embrionaria
0%
Dermis
0%
Estroma de varias glándulas
0%
Humor vítreo del ojo
0%
Lámina basal
0%
Notocorda
0%
Núcleo pulposo de disco invertebral
0%
Paredes de los vasos sanguíneos
0%

Distribución de puntuación

Porcentaje por número respondido

Porcentaje de gente con cada puntuación

Historial de tus puntuaciones

No has intentado esta prueba.